| 000 | 00317nam a22001217a 4500 | ||
|---|---|---|---|
| 020 | _a9780891189688 | ||
| 040 | _cNUST | ||
| 100 |
_aJOSE A. AMADOR _990657 |
||
| 245 |
_aSoil based wastewater treatment _bSoil based wastewater treatment |
||
| 260 |
_ausa _bFSC CO _c2018 |
||
| 300 | _a354 | ||
| 942 |
_2ddc _cBK _k628.72 AMA |
||
| 999 |
_c588846 _d588846 |
||